| 000 | 01944nam a2200349 a 4500 | ||
|---|---|---|---|
| 001 | BRCA_3079 | ||
| 005 | 20190320204112.0 | ||
| 008 | 270109s1826----fr-a---###---#000-0dfre-u | ||
| 041 | _afre | ||
| 044 | _afr | ||
| 084 |
_a387 _b.S28 _c1826 |
||
| 100 | 1 |
_aCervantes Saavedra, Miguel de _d1547-1616 _9213 |
|
| 245 | 1 | 0 |
_aHistoire de Don Quichotte de la Manche _cMiguel de Cervantes Saavedra. |
| 260 |
_aParís _bSautelet _c1826 |
||
| 300 |
_a6 v. _c30 cm. |
||
| 500 | _aContenido : v 1. Primera parte. Noticia sobre la vida y obra de Cervantes por P. Mérimée. Prólogo del autor praducodo por Florian. Texto. -- v 2. Texto. -- v 3. Segunda parte. Texto. -- v 4. Texto. -- v 5. Primera parte de la continuación por el traductor. -- v 6. Segunda parte de la continuación por el traductor | ||
| 500 | _aEdición : Traduite de l´Espagnol par Filleau de Saint-Martin. Preídce d´une notice historique sur la vie et les ouvrages de Cervantes par M. Pr. Mérimée | ||
| 500 | _aLa noticia sobre la vida de Cervantes y sus obras, escrita por Pr. Mérimée, y que acompaña esta traducción, no deja de ser curiosa dad la época en que se escribió. Es una edición bin impresa, sobre buen papel. Rústica Lúdovik Osterc | ||
| 500 | _aEstado físico : Recuperación física en 2008. En caja de almeja y guarda transparente | ||
| 500 | _aQM77B | ||
| 546 | _aTexto en : francés | ||
| 650 | 1 | 4 |
_aNovela española _yÉpoca clásica, 1500-1700 _9215 |
| 650 | 1 | 4 |
_aLiteratura española _yÉpoca clásica, 1500-1700 _9216 |
| 650 | 1 | 4 |
_aNovela española _ySiglo XVII _9217 |
| 650 | 1 | 4 |
_aDon Quijote (Personaje ficticio) _eNovela _9218 |
| 700 | 1 |
_aSaint-Martin, Francois Filleau de _d1632-1695 _eTraductor _98411 |
|
| 700 | 1 |
_aFlorian, Jean-Pierre Claris de _d1755-1794 _eTraductor _98412 |
|
| 700 | 1 |
_aMérimée, Prosper _d1803-1870 _eBiógrafo _98413 |
|
| 740 | 0 | _aEl Ingenioso Hidalgo Don Quijote de la Mancha | |
| 902 | _aQFM | ||
| 942 |
_2lcc _cB |
||
| 999 |
_c2815 _d2815 |
||